| 000 | 00000nam 2200000za 4500 |
| 001 | 9.807612 |
| 003 | CaOODSP |
| 005 | 20221107140200 |
| 007 | cr ||||||||||| |
| 008 | 151214s2015 xxc|||||o f000 0 eng d |
| 020 | |a978-0-660-04002-8 |
| 040 | |aCaOODSP|beng |
| 043 | |an-cn--- |
| 086 | 1 |aA118-10/20-2013E-PDF |
| 245 | 00|aCrop profile for peach in Canada, 2013 |h[electronic resource] / |cprepared by Pesticide Risk Reduction Program, Pest Management Center, Agriculture and Agri-Food Canada. |
| 260 | |aOttawa : |bAgriculture and Agri-Food Canada, |cc2015. |
| 300 | |a69 p. : |btables, map. |
| 500 | |aIssued also in French under title: Profil de la culture de la pêche au Canada, 2013. |
| 500 | |aThe copy accessible at the URL below has been replaced at the author-department's request (April 4, 2016). |
| 504 | |aIncludes bibliographical references. |
| 692 | 07|2gccst|aFruit crops |
| 710 | 1 |aCanada.|bAgriculture and Agri-Food Canada. |bPest Management Centre. |
| 775 | 08|tProfil de la culture de la pêche au Canada, 2013 |w(CaOODSP)9.807614 |
| 794 | |tCrop profile for peach in Canada, 2016 |w(CaOODSP)9.865925 |
| 856 | 40|qPDF|s1.16 MB|uhttps://publications.gc.ca/collections/collection_2015/aac-aafc/A118-10-20-2013-eng.pdf |
| 986 | |aAAFC No.: 12473E |